• 首页
  • 本馆介绍
  • 公告通知
  • 最新文献
  • 馆藏检索
  • 电子资源
  • 读者导购
  • 参考咨询
  • 我的图书馆
  • 登录
  • 详细信息显示
  • 放入我的书架
  • 预约/预借图书
  • 作者相关作品
  • 分类相关作品
  • 丛书相关作品
  • 出版社相关作品

书目信息

  • 表格格式
  • 工作单格式
  • 卡片格式
题名:
欧阳修集
    
 
作者: 欧阳修, 著 ;文一言 编
分册:  
出版信息: 北京   中国华侨出版社  2018
页数: 436页
开本: 22cm
丛书名: 无障碍阅读国学经典
单 册:
中图分类: I222.744.1 , I264.41
科图分类:
主题词: 古典诗歌--gu dian shi ge--诗集--中国--北宋 , 古典散文--gu dian san wen--散文集--中国--北宋
电子资源:
ISBN: 978-7-5113-7723-4
000 01222nam 2200301 450
001 012001007238
005 20140101082833.0
010    @a978-7-5113-7723-4@dCNY39.00
099    @aCAL 012019073632
100    @a20190115d2018 em y0chiy50 ea
101 0  @achi
102    @aCN@b110000
105    @ay z 000zy
106    @ar
200 1  @a欧阳修集@Aou yang xiu ji@f(北宋) 欧阳修著@g文一言编
210    @a北京@c中国华侨出版社@d2018
215    @a436页@d22cm
225 2  @a无障碍阅读国学经典@Awu zhang ai yue du guo xue jing dian
330    @a《欧阳修集》收录了欧阳修一生的经典之作。为了让大家可以更集中直观地领悟欧阳修的文学魅力, 此次策划出版的《欧阳修集 —— 无障碍阅读国学经典》将欧阳修毕生的文学经典收录一册, 并且为了让大家可以无障碍地阅读经典, 本书针对文中出现的生僻字特意添加了注音, 并且对每篇作品均作了注释和翻译, 注释详细准确。
410  0 @12001 @a无障碍阅读国学经典
606 0  @a古典诗歌@Agu dian shi ge@x诗集@y中国@z北宋
606 0  @a古典散文@Agu dian san wen@x散文集@y中国@z北宋
690    @aI222.744.1@v5
690    @aI264.41@v5
701  0 @a欧阳修,@Aou yang xiu@f1007-1072@4著
702  0 @a文一言@Awen yi yan@4编
801  0 @aCN@b上海新华@c20191020
905    @b1133090-3@dI222.744.1@e715@f4
    
    欧阳修集/(北宋) 欧阳修著/文一言编.-北京:中国华侨出版社,2018
    436页;22cm.-(无障碍阅读国学经典)
    
    
    ISBN 978-7-5113-7723-4:CNY39.00
    《欧阳修集》收录了欧阳修一生的经典之作。为了让大家可以更集中直观地领悟欧阳修的文学魅力, 此次策划出版的《欧阳修集 —— 无障碍阅读国学经典》将欧阳修毕生的文学经典收录一册, 并且为了让大家可以无障碍地阅读经典, 本书针对文中出现的生僻字特意添加了注音, 并且对每篇作品均作了注释和翻译, 注释详细准确。
●
相关链接 在E读中查询图书 在五车中查询图书 在当当中查询图书 在豆瓣中查询图书


正题名:欧阳修集     索取号:I222.744.1/715         预约/预借

序号 登录号 条形码 馆藏地/架位号 状态 备注
1 1133090   211330905   第一样本阅览室/ [索取号:I222.744.1/715] 在馆    
2 1133091   211330914   第二借阅区/ [索取号:I222.744.1/715] 在馆    
3 1133092   211330923   第二借阅区/ [索取号:I222.744.1/715] 在馆    
4 1133093   211330932   第二借阅区/ [索取号:I222.744.1/715] 在馆    
唐山师范学院图书馆 欢迎您!
大连网信软件有限公司© 版权所有